Movies Quiz

Random Movies or Star Wars Quiz
Score 0/8 Timer 10:00
0 Plays Today
Hint Answer % Correct
Han Soloharrison ford
98.5%
Luke Skywalkermark hamill
94.6%
Leia Organacarrie fisher
93.8%
Mace Windusamuel l jackson
92.3%
Padme Amidalanatalie portman
88.5%
Obi-Wan Kenobi (Prequels)ewan mcgregor
87.7%
Darth Vader (Voice)james earl jones
86.9%
Anakin Skywalker (III and II)hayden christensen
55.4%
Come Together.
Have Fun.
All Virtual.
We all need to come together. Play Sporcle's virtual live trivia to have fun, connect with people, and get your trivia on. Join a live hosted trivia game for your favorite pub trivia experience done virtually. If a virtual private party is more your thing, go here for details.

You're not logged in!

Compare scores with friends on all Sporcle quizzes.
OR
Log In

Sporcle TV

Today on Sporcle TV


Watch our educational content, quiz creation guides, and fun videos on Sporcle TV.

Show Comments

Extras

Top Quizzes Today


Score Distribution

Paid Content

Your Account Isn't Verified!

In order to create a playlist on Sporcle, you need to verify the email address you used during registration. Go to your Sporcle Settings to finish the process.

Report this User

Report this user for behavior that violates our Community Guidelines.

Details: